[Event "1st League Cent-SRB 2013"]
[Site "Kragujevac SRB"]
[Date "2013.09.18"]
[Round "6.1"]
[White "Mista,A"]
[Black "Markovic,ZS"]
[Result "1/2-1/2"]
[WhiteElo "2582"]
[BlackElo "2363"]

1.Nf3 d5 2.g3 Nf6 3.Bg2 c6 4.c4 dxc4 5.O-O Bf5 6.Na3 e5 7.Nxc4 e4 8.Ne1 Na6
9.d3 Be7 10.Bg5 exd3 11.Nxd3 Bxd3 12.exd3 O-O 13.d4 h6 14.Be3 Nd5 15.Qb3 Rb8
16.Rad1 Nac7 17.Bc1 Bf6 18.Ne3 Qd7 19.Be4 Nxe3 20.fxe3 Qe6 21.Bc2 Qxb3 22.Bxb3 Rfe8
23.Rf5 Rbd8 24.a4 Nd5 25.Kf2 Re7 26.Bd2 Bg5 27.Re1 g6 28.Rf3 h5 29.Ke2 Rde8
30.Kd3 f5 31.Rc1 Kg7 32.Bxd5 cxd5 33.Rc5 Rd7 34.Rf1 Kf7 35.b4 Be7 36.Rc2 Bd6
37.Rfc1 Ree7 38.Rc8 Rc7 39.R1xc7 Rxc7 40.Ra8 b6 41.Rd8  1/2-1/2

[Event "52nd World Juniors 2013"]
[Site "Kocaeli TUR"]
[Date "2013.09.19"]
[Round "7.35"]
[White "Zhanbai Uulu,Zhokhar"]
[Black "Ratkovic,Milov"]
[Result "0-1"]
[WhiteElo "1843"]
[BlackElo "2302"]

1.Nf3 d5 2.g3 Nc6 3.Bg2 e5 4.d3 Nf6 5.O-O Be7 6.c3 O-O 7.Qc2 a5 8.e4 dxe4
9.dxe4 Bg4 10.h3 Bxf3 11.Bxf3 Qd7 12.Kg2 Bc5 13.Nd2 Rfd8 14.Be2 Ne7 15.Nc4 Qe6
16.Ne3 Qc6 17.Bf3 Rd7 18.Bd2 Rad8 19.Rad1 b5 20.Bc1 Rxd1 21.Rxd1 Rxd1 22.Qxd1 Qd7
23.Qe2 Ne8 24.Kh2 Nd6 25.Qd3 Qe6 26.a3 g6 27.Bg2 Kg7 28.f4 f5 29.exf5 gxf5
30.fxe5 Qxe5 31.Nc2 Ng6 32.Nd4 Ne4 33.Nc6 Qe8 34.Qd5 Bd6 35.Bxe4 Qxe4 36.Qxe4 fxe4
37.Be3 Kf7 38.Kg2 Ke6 39.Nxa5 Kd5 40.Nb3 Ne5 41.Nd4 Kc4 42.Bf4 Kd3 43.Nxb5 Nc4
44.Nxd6 cxd6 45.a4 e3 46.Bxe3 Kxe3 47.b3 Na5 48.b4 Nc4 49.b5 Kd3 50.g4 Kxc3
51.g5 d5 52.h4 d4 53.h5 d3 54.g6 hxg6 55.hxg6 Ne3+ 56.Kh2 d2 57.g7 Ng4+ 58.Kg3 Nf6  0-1

[Event "63rd TCh-BUL GpB 2013"]
[Site "Sunny Beach BUL"]
[Date "2013.09.19"]
[Round "1.1"]
[White "Bochev,K"]
[Black "Tsanov,Miroslav"]
[Result "1/2-1/2"]
[WhiteElo "2070"]
[BlackElo "1896"]

1.Nf3 d5 2.g3 c5 3.Bg2 Nc6 4.d4 Bg4 5.dxc5 Nf6 6.O-O e6 7.c4 Bxc5 8.cxd5 Nxd5
9.Qa4 Bh5 10.e4 Nf6 11.Ne5 Qb6 12.Nc3 O-O 13.Nxc6 bxc6 14.Qc2 Bd4 15.Bf4 e5
16.Bg5 Rab8 17.Bxf6 gxf6 18.Rab1 Rfc8 19.Na4 Qb4 20.b3 Bg4 21.Rbc1 c5 22.Nc3 Be6
23.Nd5 Bxd5 24.exd5 a5 25.Qf5 Kg7 26.Be4 Qd2 27.Qxh7+ Kf8 28.Qf5 Qg5 29.Qf3 a4
30.bxa4 Rb2 31.Rb1 Rcb8 32.a5 c4 33.Rxb2 Rxb2 34.Qa3+ Kg7 35.d6 Bxf2+  1/2-1/2

[Event "63rd TCh-BUL GpB 2013"]
[Site "Sunny Beach BUL"]
[Date "2013.09.19"]
[Round "1.6"]
[White "Stoimenov,Plamen"]
[Black "Asparuhov,P"]
[Result "0-1"]
[WhiteElo "1957"]
[BlackElo "2104"]

1.Nf3 d5 2.g3 c6 3.Bg2 Bf5 4.d3 e6 5.Nc3 Nf6 6.O-O Be7 7.Bf4 Nbd7 8.Re1 O-O
9.Nh4 Bg4 10.h3 Bh5 11.Nf3 Bb4 12.a3 Ba5 13.b4 Bc7 14.Bxc7 Qxc7 15.g4 Bg6
16.Nh4 c5 17.Nxg6 fxg6 18.b5 h5 19.e4 d4 20.Nb1 hxg4 21.hxg4 Qf4 22.f3 Ne5
23.Nd2 Nfxg4 24.fxg4 Qf2+ 25.Kh1 Kf7 26.Nf3 Rh8+ 27.Nh2 Rxh2+  0-1

[Event "Baku Open 2013"]
[Site "Baku AZE"]
[Date "2013.09.20"]
[Round "2.11"]
[White "Kuderinov,K"]
[Black "Iordachescu,V"]
[Result "0-1"]
[WhiteElo "2480"]
[BlackElo "2609"]

1.Nf3 d5 2.g3 Bg4 3.Bg2 Nd7 4.O-O c6 5.d4 Ngf6 6.Ne5 Bh5 7.f3 e6 8.g4 Bg6
9.h4 Nxe5 10.dxe5 Bc5+ 11.e3 Nd7 12.h5 Nxe5 13.hxg6 hxg6 14.Qe1 f5 15.Nc3 Qe7
16.Ne2 O-O-O 17.Bd2 Nc4 18.Nf4 Qd6 19.Rf2 e5 20.Nd3 Bb6 21.Bb4 c5 22.Bc3 d4
23.exd4 exd4 24.Bd2 Nxd2 25.Qxd2 c4 26.Qf4 cxd3 27.Qxd6 Rxd6 28.cxd3 Re6
29.Rc1+ Kb8 30.Bf1 Re3 31.gxf5 gxf5 32.Rg2 Rh7 33.Kf2 Bd8 34.Rg6 Bf6 35.Rc5 Rh2+
36.Rg2 Rh5 37.f4 b6 38.Rc2 Rh1 39.Rg6 Rh4 40.Be2 Rxf4+ 41.Kg1 Rh4 42.Bf1 Rf4
43.Rc1 Rff3 44.Rg2 f4 45.Be2 Rh3  0-1

[Event "TCh-CRO 2a Liga 2013"]
[Site "Bol CRO"]
[Date "2013.09.20"]
[Round "7.3"]
[White "Horvath,Jo1"]
[Black "Zufic,M"]
[Result "1/2-1/2"]
[WhiteElo "2500"]
[BlackElo "2444"]

1.Nf3 d5 2.g3 g6 3.Bg2 Bg7 4.d4 Nf6 5.O-O O-O 6.Be3 Ne4 7.Qc1 Re8 8.c4 dxc4
9.Ne5 Nd6 10.Na3 c6 11.Naxc4 Be6 12.Rd1 Nf5 13.Bf4 f6 14.d5 cxd5 15.e4 fxe5
16.exf5 exf4 17.fxe6 fxg3 18.hxg3 Qc7 19.Rxd5 Nc6 20.Rd7 Qc8 21.Qe3 Rb8 22.a4 Nb4
23.Qf4 Rf8 24.Qh4 Bf6 25.Qe4 Qc5 26.Rf1 b5 27.axb5 Rxb5 28.b3 Na2 29.Ne3 Rxb3
30.Nd5 Nc3 31.Qd3 Ra3 32.Nxf6+ Rxf6 33.Rb7 Kg7 34.Qd7 h5 35.Rc7 Qb4 36.Rb7 Qc5
37.Rc7 Qb4 38.Rb7 Qc5  1/2-1/2

[Event "Slama Mem Schev 2013"]
[Site "Monastir TUN"]
[Date "2013.09.20"]
[Round "7.4"]
[White "Drasko,M"]
[Black "Payen,Ar"]
[Result "1/2-1/2"]
[WhiteElo "2464"]
[BlackElo "2318"]

1.Nf3 d5 2.g3 c6 3.Bg2 Nf6 4.O-O Bf5 5.d3 e6 6.c4 Be7 7.Be3 Nbd7 8.cxd5 Nxd5
9.Bd4 N5f6 10.Qb3 Qc7 11.e4 Bg4 12.Nbd2 O-O 13.Rac1 Rad8 14.Qc3 Bxf3 15.Nxf3 a5
16.h3 Ra8 17.Qc2 Rfd8 18.Rfd1 a4 19.a3 Qa5 20.Be3 h6 21.d4 Bf8 22.Ne1 Be7
23.f4 Nf8 24.Nd3 N8d7 25.Qf2 Rac8 26.Rc2 Qb5 27.Qf1 Qa5 28.Rdc1 Ra8 29.Qf3 Bf8
30.g4 Ne8 31.g5 Nd6 32.gxh6 g6 33.Nc5 b6 34.Nxd7 Rxd7 35.Rxc6 Re8 36.d5 exd5
37.e5 Nc4 38.Qg4 Rde7 39.Bd4 Bxh6 40.Rc8  1/2-1/2

[Event "Baku Open 2013"]
[Site "Baku AZE"]
[Date "2013.09.21"]
[Round "3.7"]
[White "Efimenko,Z"]
[Black "Goganov,A"]
[Result "1-0"]
[WhiteElo "2661"]
[BlackElo "2577"]

1.Nf3 d5 2.g3 g6 3.Bg2 Bg7 4.d4 Nf6 5.O-O O-O 6.Nbd2 c6 7.c4 Bf5 8.b3 a5
9.Bb2 a4 10.e3 axb3 11.Qxb3 Nbd7 12.cxd5 cxd5 13.Rfc1 Ra6 14.Ba3 Re8 15.Bb4 Rb6
16.a4 Nb8 17.a5 Rc6 18.Ne5 Rxc1+ 19.Rxc1 Be6 20.Bc3 Qc7 21.Qb5 Nbd7 22.Nb3 Rc8
23.Bb2 Qb8 24.Nd3 Rxc1+ 25.Bxc1 Bf5 26.Ndc5 Nxc5 27.Nxc5 Qc7 28.e4 Nxe4 29.Bxe4 dxe4
30.Qe8+ Bf8 31.Bh6 Qc8 32.Qxf8+ Qxf8 33.Bxf8 Kxf8 34.Nxb7 Be6 35.Nc5 Bd5
36.Kf1 Ke8 37.Ke2 f5 38.h4 h6 39.Ke3 g5 40.hxg5 hxg5 41.a6 e6 42.a7 Ke7 43.Na4 Kd6
44.Nb6 Bc6 45.a8=Q Bxa8 46.Nxa8 Kc6 47.g4 Kb7 48.d5  1-0

[Event "e2e4 Bedford Open 2013"]
[Site "Bedford ENG"]
[Date "2013.09.21"]
[Round "2"]
[White "Harvey,Marcus R"]
[Black "Roberson,P"]
[Result "1-0"]
[WhiteElo "2207"]
[BlackElo "2384"]

1.g3 d5 2.Nf3 Nf6 3.Bg2 c5 4.O-O g6 5.c4 d4 6.b4 cxb4 7.Qa4+ Bd7 8.Qxb4 Nc6
9.Qb3 Bg7 10.d3 O-O 11.Nbd2 Qc7 12.Ba3 Rad8 13.Rab1 Bc8 14.Qb5 Rfe8 15.Ng5 h6
16.Nge4 Nxe4 17.Nxe4 Nb8 18.c5 Nc6 19.Nd2 Na5 20.Bb4 Nc6 21.Ba3 Na5 22.Bb4 Nc6
23.Nc4 Bd7 24.Ba5 Nxa5 25.Qxa5 Qxa5 26.Nxa5 b6 27.cxb6 axb6 28.Rxb6 Be5 29.Rb7 Bd6
30.Ra1 Ba4 31.Bc6 Bxc6 32.Nxc6 Ra8 33.a4 e5 34.Rd7 Re6 35.Nd8 Rf6 36.Nxf7 Rxf7
37.Rxd6 Kg7 38.a5 Rfa7 39.a6 Kf7 40.Kg2  1-0

[Event "e2e4 Bedford Open 2013"]
[Site "Bedford ENG"]
[Date "2013.09.21"]
[Round "2"]
[White "Slavin,A"]
[Black "Player,E"]
[Result "1/2-1/2"]
[WhiteElo "2366"]
[BlackElo "2253"]

1.Nf3 d5 2.g3 c6 3.b3 Bg4 4.Bb2 Nd7 5.Bg2 f6 6.c4 dxc4 7.bxc4 e5 8.O-O Bd6
9.Nc3 Be6 10.Ne4 Be7 11.d4 Nb6 12.c5 Nc4 13.Bc3 Bd5 14.Nfd2 Nxd2 15.Qxd2 exd4
16.Qxd4 Nh6 17.Bh3 Nf7 18.Rfd1 Qc7 19.Bb4 O-O 20.Nc3 Rfd8 21.Nxd5 Rxd5 22.Qc4 Rad8
23.Qb3 Qe5 24.Re1 Kf8 25.Bc3 Qh5 26.Bg2 Rxc5 27.Bb4 Rb5 28.Bxe7+ Kxe7 29.Qe3+ Qe5
30.Qxa7 Qc5 31.Qxc5+ Rxc5 32.Rab1 Nd6 33.e4 Ra8 34.Re2 Ra7 35.f4 Nb5 36.Reb2 Ra3
37.Bf1 Nd6 38.Re1 b5 39.Rd2 Ra7 40.Kf2 Ra4 41.Bg2 Ra7 42.h4 Nc4 43.Rde2 Ra3
44.e5 fxe5 45.fxe5 Ra8 46.Bf3 Rf8 47.Kg2 Rf5 48.g4 Rfxe5 49.Bxc6 Rxc6 50.Rxe5+ Nxe5
51.Rxe5+ Re6 52.Rg5 Kf7 53.Rf5+ Ke7 54.Rxb5 Re2+ 55.Kg3 Rxa2 56.h5 h6 57.Kf4 Kf6
58.Rb6+ Kf7 59.Rb7+  1/2-1/2

[Event "e2e4 Bedford Open 2013"]
[Site "Bedford ENG"]
[Date "2013.09.21"]
[Round "2"]
[White "Salem,I"]
[Black "Jaszkiwskyj,P"]
[Result "0-1"]
[WhiteElo "2114"]
[BlackElo "1979"]

1.Nf3 d5 2.g3 Nf6 3.Bg2 c6 4.d3 Bf5 5.Nbd2 e6 6.O-O Be7 7.Qe1 O-O 8.e4 Bg6
9.e5 Nfd7 10.Qe2 Qc7 11.Re1 c5 12.Nf1 Nc6 13.g4 b5 14.Ng3 c4 15.dxc4 bxc4
16.a3 Nc5 17.h4 Ne4 18.h5 Nxg3 19.fxg3 Be4 20.Bf4 Qb6+ 21.Kh2 Qxb2 22.Ng5 Nd4
23.Qd2 Bxg2 24.Kxg2 Qxc2 25.Rec1 Qxd2+ 26.Bxd2 Nb3  0-1

[Event "TCh-FIN SM 2013-14"]
[Site "Joensuu FIN"]
[Date "2013.09.21"]
[Round "1.1"]
[White "Kanep,M"]
[Black "Kiuttu,R"]
[Result "1-0"]
[WhiteElo "2511"]
[BlackElo "2332"]

1.Nf3 d5 2.g3 Nf6 3.Bg2 Bg4 4.O-O Nbd7 5.d3 e5 6.c4 c6 7.cxd5 cxd5 8.Qa4 Bd6
9.Nc3 d4 10.Nb5 Bc5 11.Nxe5 Nxe5 12.Nd6+ Ke7 13.Nxb7 Qb6 14.Nxc5 Qxc5 15.b3 Ke6
16.Ba3 Qb6 17.f4 Ned7 18.Qc4+ Kf5 19.Qxf7 Rae8 20.h3 h5 21.hxg4+ hxg4 22.Rac1 Rxe2
23.Be4+ Rxe4 24.dxe4+ Kxe4 25.Qg6+  1-0

[Event "52nd World Juniors 2013"]
[Site "Kocaeli TUR"]
[Date "2013.09.21"]
[Round "8.34"]
[White "Buyukasik,D"]
[Black "Benitez Lozano,J"]
[Result "1-0"]
[WhiteElo "2046"]
[BlackElo "2308"]

1.Nf3 d5 2.g3 Nf6 3.Bg2 e6 4.O-O Be7 5.d3 c5 6.Nbd2 Nc6 7.e4 b6 8.Re1 Bb7
9.exd5 Nxd5 10.c3 O-O 11.Qc2 Qc7 12.Nc4 Rad8 13.Bd2 h6 14.Rad1 Bf6 15.a3 Rd7
16.Bc1 Rfd8 17.Nfd2 g6 18.h4 Bg7 19.Nf1 b5 20.Nce3 Ne5 21.Nxd5 Bxd5 22.Bf4 Bxg2
23.Bxe5 Qb7 24.Bxg7 Kxg7 25.Ne3 Bf3 26.Rd2 c4 27.d4 g5 28.Kh2 Qc7 29.Ng2 Bd5
30.Rde2 Rg8 31.Re5 Kh8 32.Qe2 f6 33.Re3 Qb7 34.f3 gxh4 35.Nxh4 Rdg7 36.f4 Rg4
37.f5 Rxh4+ 38.gxh4 Qc7+ 39.Kh3 exf5 40.Qf2 f4 41.Re7 Qd6 42.Qc2 Rg3+ 43.Kh2 Rd3
44.Qf2 Rg3 45.Re8+ Kg7 46.R8e7+ Kg6 47.Qc2+ Kh5 48.Rg7 Rxg7 49.Qf5+ Rg5 50.hxg5 f3+
51.Kh3 fxg5 52.Re5 f2 53.Qxf2 Be6+ 54.Kg3 Kg6 55.Qe3 Bf5 56.Qf3 Be6 57.Qe4+ Kf6
58.Qh7 Qf8 59.Rxb5 g4 60.Rh5 Qb8+ 61.Re5 Qf8 62.Kf4 g3 63.Kxg3 a6 64.Kf4 Bc8
65.Rh5 Qd6+ 66.Re5 Qf8 67.d5 h5 68.Qxh5 Kg7+ 69.Kg3 Qd6 70.Qg5+ Kh8 71.Kh4 Bd7
72.Qd8+ Kg7 73.Re7+ Kg6 74.Qg8+  1-0

[Event "2nd GP Pyramides-Trophee Kaissa"]
[Site "Le Port-Marly FRA"]
[Date "2013.09.21"]
[Round "5.2"]
[White "Shoker,S"]
[Black "Guliyev,N"]
[Result "0-1"]
[WhiteElo "2489"]
[BlackElo "2559"]

1.Nf3 d5 2.g3 c6 3.Bg2 Bg4 4.c4 e6 5.cxd5 exd5 6.d3 Nf6 7.O-O Be7 8.Nc3 O-O
9.h3 Bh5 10.e4 dxe4 11.dxe4 Nbd7 12.Bf4 Nc5 13.e5 Nfd7 14.g4 Bg6 15.Bg3 Nb6
16.b4 Qxd1 17.Rfxd1 Nd3 18.a3 Rfd8 19.Nh4 Nc4 20.Nxg6 hxg6 21.b5 Ndxe5 22.f4 Bc5+
23.Kh2 Nd3 24.bxc6 bxc6 25.Bxc6 Rac8 26.Bb5 Ncb2 27.Rf1 Be3 28.Nd1 Rc2+ 29.Kh1 Bb6
30.Nxb2 Rxb2 31.Rab1 Ra2 32.f5 Rxa3 33.fxg6 fxg6 34.Bc4+ Kh7 35.Rf7 Rd4 36.Bxd3 Raxd3
37.Be5 Rd7 38.Rbf1 g5 39.Bxg7 Rxf7 40.Rxf7 Kg6 41.Rb7 Rxh3+ 42.Kg2 Rh7 43.Rb8 Rxg7
44.Kf3 Rf7+ 45.Ke4 Rf4+ 46.Kd5 Rxg4 47.Rg8+ Kf7 48.Rh8 Rf4 49.Ke5 Bc7+ 50.Kd5 Kg7
51.Rc8 Bb6 52.Rc2 Kg6 53.Ke5 Rf7 54.Ke6 g4 55.Rg2 Rf4 56.Ke5 Kg5 57.Rc2 g3
58.Rc8 Bd4+ 59.Kd5 Kg4 60.Rg8+ Kf3 61.Kc4  0-1

[Event "2nd GP Pyramides-Trophee Kaissa"]
[Site "Le Port-Marly FRA"]
[Date "2013.09.21"]
[Round "8.2"]
[White "Shchekachev,A"]
[Black "Tregubov,P"]
[Result "1-0"]
[WhiteElo "2517"]
[BlackElo "2608"]

1.Nf3 d5 2.g3 Nf6 3.Bg2 c6 4.O-O Bf5 5.d3 e6 6.c4 dxc4 7.dxc4 Qxd1 8.Rxd1 Nbd7
9.Nc3 Bc2 10.Re1 Bc5 11.Bd2 Ng4 12.Rf1 O-O-O 13.Rac1 Bg6 14.Na4 Be7 15.Ba5 Rde8
16.Rfd1 Nc5 17.Nxc5 Bxc5 18.Be1 Rd8 19.b4 Bd6 20.Bc3 f6 21.h3 Nh6 22.Nd4 e5
23.Ne6 Rd7 24.Nxg7 Bf7 25.c5 Bf8 26.b5 Bxg7 27.Rxd7 Kxd7 28.bxc6+ bxc6 29.Rd1+ Ke7
30.Bxc6 Rd8 31.Rb1 Nf5 32.e3 Kf8 33.Bb7 Ne7 34.c6 Nd5 35.Ba5 Re8 36.c7 Nxc7
37.Bxc7 Bxa2 38.Ra1 Be6 39.g4 f5 40.Rxa7 fxg4 41.Bc6 Rc8 42.hxg4 Bxg4 43.Bd5 Bf6
44.Bd6+ Ke8 45.Rxh7 Rc1+ 46.Kg2 Bf5 47.Ra7 Bd7 48.Ra8+ Rc8 49.Ra7 Rc1 50.e4 Kd8
51.Ra8+ Rc8 52.Ra6 Be7 53.Bxe5 Rc2 54.Ra8+ Rc8 55.Rxc8+ Bxc8 56.f4 Bc5 57.Kf3 Ke7
58.f5 Kf8 59.Kf4 Bg1 60.Bc3 Ke7 61.Bb4+ Kf6 62.e5+ Kg7 63.f6+ Kg6 64.f7 Bh2+
65.Kf3  1-0

[Event "Slama Mem Schev 2013"]
[Site "Monastir TUN"]
[Date "2013.09.21"]
[Round "9.3"]
[White "Zaibi,A"]
[Black "Boudriga,M"]
[Result "1/2-1/2"]
[WhiteElo "2227"]
[BlackElo "2274"]

1.Nf3 d5 2.g3 c6 3.Bg2 Nf6 4.O-O Bg4 5.Ne5 Bf5 6.c4 e6 7.d4 Be7 8.Qb3 Qb6
9.Qxb6 axb6 10.Nd2 Nbd7 11.Ndf3 O-O 12.Bg5 Rfe8 13.cxd5 cxd5 14.Nxd7 Nxd7
15.Bxe7 Rxe7 16.e3 h6 17.a3 Ree8 18.Rfd1 Bc2 19.Rd2 Be4 20.Ne1 Nf6 21.Nd3 Bxg2
22.Kxg2 Ne4 23.Rc2 Nd6 24.Ne5 Re7 25.h4 h5 26.Nf3 f6 27.Nd2 Kf7 28.Kf3 Nf5
29.Rh1 Ra4 30.Rc3 Nh6  1/2-1/2

[Event "Slama Mem Schev 2013"]
[Site "Monastir TUN"]
[Date "2013.09.21"]
[Round "9.4"]
[White "Drasko,M"]
[Black "Van Hoolandt,P"]
[Result "1/2-1/2"]
[WhiteElo "2464"]
[BlackElo "2211"]

1.Nf3 d5 2.g3 c6 3.Bg2 Bg4 4.O-O Nd7 5.d3 e6 6.b3 Be7 7.Bb2 Bf6 8.d4 Be7
9.c4 Ngf6 10.Nc3 O-O 11.Rc1 h6 12.Re1 Bf5 13.Nd2 Re8 14.a3 a5 15.e4 dxe4
16.Ndxe4 Qb6 17.h3 Rad8  1/2-1/2

[Event "TCh-NED Meesterklasse 2013-14"]
[Site "Netherland NED"]
[Date "2013.09.21"]
[Round "1.6"]
[White "Van Oosterom,C"]
[Black "Buendgen,A"]
[Result "1-0"]
[WhiteElo "2380"]
[BlackElo "2209"]

1.g3 d5 2.Nf3 g6 3.c4 c6 4.Bg2 Bg7 5.d4 Nf6 6.O-O O-O 7.b3 a5 8.e3 Bf5 9.Bb2 a4
10.bxa4 Qa5 11.Nc3 Ne4 12.Qb3 Nxc3 13.Bxc3 dxc4 14.Qxb7 Qxa4 15.Qxe7 Nd7
16.Nd2 Rfe8 17.Qd6 Ra6 18.Qf4 Bd3 19.Rfc1 Qa3 20.Qc7 Nb8 21.g4 Ra7 22.Qb6 Bf8
23.Bb2 Qa4 24.Nxc4 Bxc4 25.Rxc4 Qxc4 26.Qxa7 Qe2 27.Ba3 Qxg4 28.Bxf8 Kxf8
29.h3 Qe6 30.Rc1 Kg7 31.a4 Qd6 32.a5 Re7 33.Qb6 Qa3 34.Rb1 Nd7 35.Qb4 Qa2
36.Rc1 c5 37.dxc5 Ne5 38.c6 Qe6 39.c7 Re8 40.Qb6 Qf5 41.Qd4 f6 42.Qd8 Nd3
43.Qxe8  1-0

[Event "XXI Vallfogona Rapid Open"]
[Site "Vallfogona de Balaguer ESP"]
[Date "2013.09.21"]
[Round "5.4"]
[White "Vidarte Morales,A"]
[Black "Mellado Trivino,J"]
[Result "1/2-1/2"]
[WhiteElo "2337"]
[BlackElo "2443"]

1.Nf3 d5 2.g3 Bg4 3.Bg2 Nd7 4.O-O e6 5.d3 Ngf6 6.c4 c6 7.cxd5 cxd5 8.Qa4 Bxf3
9.Bxf3 Be7 10.Nc3 O-O 11.Bg2  1/2-1/2

[Event "TCh-CRO Ia Liga 2013"]
[Site "Bol CRO"]
[Date "2013.09.22"]
[Round "9.4"]
[White "Krstic,U"]
[Black "Leventic,I"]
[Result "1/2-1/2"]
[WhiteElo "2457"]
[BlackElo "2448"]

1.Nf3 d5 2.g3 Nf6 3.Bg2 Bf5 4.O-O e6 5.d3 Be7 6.c4 c6 7.cxd5 cxd5 8.Nc3 Nc6
9.Qb3 Qd7 10.Bf4 O-O 11.Rac1 Rac8 12.Ne5 Nxe5 13.Bxe5 d4 14.Nb5 Bc5 15.Rc4 a6
16.Rfc1 b6 17.Nxd4 Ng4 18.Nf3 Bxf2+ 19.Kf1 b5 20.Rxc8 Rxc8 21.Rxc8+ Qxc8
22.Bf4 Bb6 23.Qc3 Qd8 24.e4 Bg6 25.Ke2 Nf6  1/2-1/2

[Event "TCh-FIN SM 2013-14"]
[Site "Joensuu FIN"]
[Date "2013.09.22"]
[Round "2.3"]
[White "Jouhki,Y"]
[Black "Kokkila,T"]
[Result "1/2-1/2"]
[WhiteElo "2274"]
[BlackElo "2304"]

1.Nf3 d5 2.g3 Nf6 3.Bg2 c6 4.O-O Bg4 5.b3 Nbd7 6.Bb2 e6 7.d3 Bd6 8.Nbd2 O-O
9.Qe1 Qe7 10.a3 e5 11.e4 Rfe8 12.h3 Bxf3 13.Nxf3 dxe4 14.dxe4 a5 15.Qe2 b5
16.Rfe1  1/2-1/2

[Event "52nd World Juniors 2013"]
[Site "Kocaeli TUR"]
[Date "2013.09.22"]
[Round "9.51"]
[White "Thompson,Robert"]
[Black "Heinechen,Jo"]
[Result "1-0"]
[WhiteElo "1966"]
[BlackElo "1901"]

1.Nf3 d5 2.g3 c6 3.Bg2 Bg4 4.d3 Nf6 5.Nbd2 Bxf3 6.Nxf3 e6 7.O-O Bd6 8.c4 Nbd7
9.b3 Qc7 10.Bb2 h5 11.cxd5 exd5 12.e4 dxe4 13.dxe4 O-O-O 14.Qc2 h4 15.Rac1 hxg3
16.hxg3 Ng4 17.Bd4 Rh5 18.b4 Rdh8 19.e5 Ndxe5 20.Nxe5 Bxe5 21.Bxe5 Qxe5 22.Rfe1 Qf6
23.Qe2 Nxf2 24.Rf1 Qh6 25.Kxf2 Rf5+ 26.Bf3 Qg5 27.Rh1 Rd8 28.Rcd1 Rf8 29.Qd3 Qf6
30.Kg2 Rb5 31.Rh4 a5 32.Rf4 Qe7 33.Re4 Qc7 34.a3 axb4 35.axb4 Rd5 36.Rd4 Rg5
37.Rg4 Rb5 38.Qd4 g5 39.Re4 f5 40.Re6 g4 41.Be2 Rd5 42.Qe3 Rfd8 43.Ra1 Kb8
44.b5 f4 45.gxf4 Rd4 46.Qe5 R4d6 47.Rxd6  1-0

[Event "TCh-FIN SM 2013-14"]
[Site "Porvoo FIN"]
[Date "2013.09.22"]
[Round "2.4"]
[White "Holmsten,A"]
[Black "Valli,F"]
[Result "0-1"]
[WhiteElo "2339"]
[BlackElo "2275"]

1.Nf3 d5 2.g3 c6 3.Bg2 Bg4 4.c4 e6 5.O-O Nd7 6.d4 Ngf6 7.Nc3 Be7 8.Ne5 Nxe5
9.dxe5 Nd7 10.cxd5 cxd5 11.Qa4 Bh5 12.e4 d4 13.Qxd4 Qa5 14.Bf4 g5 15.Be3 Bc5
16.Qd2 Bxe3 17.Qxe3 Qxe5 18.f4 gxf4 19.gxf4 Qc5 20.Rae1 O-O-O 21.Na4 Qxe3+
22.Rxe3 e5 23.Bh3 Rhg8+ 24.Rg3 exf4 25.Rxf4 Rxg3+ 26.hxg3 Kc7 27.Nc3 Bg6
28.Nd5+ Kd6 29.Kf2 Nc5 30.Ke3 Nxe4 31.Rxe4 Bxe4 32.Kxe4 Re8+ 33.Kd4 Re2 34.Ne3 b5
35.Bf5 Rxb2 36.Bxh7 Rxa2 37.Bc2 a5 38.Nf5+ Kc6 39.Bb3 Rf2 40.Ke5 a4 41.Bxf7 a3
42.g4 a2 43.Bxa2 Rxa2 44.Nd4+ Kc5 45.g5 Rg2 46.Ne6+ Kc4 47.Kf6 b4 48.Nf4 Rxg5
49.Kxg5 b3  0-1

[Event "46th TCh-BUL w 2013"]
[Site "Sunny Beach BUL"]
[Date "2013.09.22"]
[Round "4.3"]
[White "Savova,S"]
[Black "Maksimovic,S"]
[Result "1/2-1/2"]
[WhiteElo "2112"]
[BlackElo "2182"]

1.Nf3 d5 2.g3 c5 3.Bg2 Nf6 4.d3 Nc6 5.Nbd2 g6 6.e4 Bg7 7.O-O O-O 8.Re1 e5
9.exd5 Nxd5 10.Nc4 f6 11.c3 Be6 12.Ne3 Nc7 13.Nc2 Qd7 14.Be3 Rfd8 15.Bxc5 Qxd3
16.Qxd3 Rxd3 17.Re3 Rd7 18.Ree1 Rad8 19.Nb4 Nxb4 20.Bxb4 b6 21.a4 a5 22.Ba3 Rd3
23.h3 Bb3 24.Nh2 f5 25.Nf1 Nd5 26.Nh2 e4 27.Bf1 Rd2 28.Bb5 Nc7 29.Nf1 Nxb5
30.Nxd2 Rxd2 31.axb5 Kf7 32.Rac1 h5 33.c4 Bd4 34.Re3 Bxe3 35.fxe3 Rc2 36.Rxc2  1/2-1/2

[Event "63rd TCh-BUL GpB 2013"]
[Site "Sunny Beach BUL"]
[Date "2013.09.22"]
[Round "6.2"]
[White "Dimov,Di"]
[Black "Jovchev,A"]
[Result "1/2-1/2"]
[WhiteElo "2289"]
[BlackElo "2287"]

1.Nf3 d5 2.g3 f5 3.Bg2 Nf6 4.O-O e6 5.c4 Bd6 6.d3 O-O 7.Nc3 a6 8.cxd5 exd5
9.Qb3 c6 10.e4 Nbd7 11.exd5 Nc5 12.Qc2 cxd5 13.Bg5 Be7 14.Nd4 h6 15.Be3 Re8
16.Rfe1 Bf8 17.b4 Ne6 18.Qb3 f4 19.Nxe6 Bxe6 20.Bxf4 Bf7 21.d4 Qd7 22.Be5 a5
23.bxa5 Rxa5 24.a4 Rea8 25.Rab1 Rc8 26.h3 Rc4 27.Bf3 Rb4 28.Qc2 Qc8 29.Bg2 Ne4
30.Bxe4 dxe4  1/2-1/2

[Event "63rd TCh-BUL GpB 2013"]
[Site "Sunny Beach BUL"]
[Date "2013.09.22"]
[Round "6.1"]
[White "Bochev,K"]
[Black "Nenkov,L"]
[Result "1/2-1/2"]
[WhiteElo "2070"]
[BlackElo "2256"]

1.Nf3 d5 2.g3 Nf6 3.Bg2 g6 4.d4 Bg7 5.c4 O-O 6.cxd5 Qxd5 7.Nc3 Qa5 8.O-O Na6
9.Qb3 Be6 10.Qa4 Qxa4 11.Nxa4 Rad8 12.b3 b5 13.Nc3 b4 14.Na4 c5 15.Bb2 c4
16.bxc4 Bxc4 17.Ne5 Bxe2 18.Rfe1 Bb5 19.Bc6 Bxa4 20.Bxa4 Nb8 21.a3 a5 22.Bb3 Nd5
23.axb4 axb4 24.Ra7 e6 25.Rb7 Bxe5 26.dxe5 Nc6 27.Rc1 Na5 28.Bxd5 Nxb7 29.Bxb7 Rd2
30.Rb1 Rfd8 31.Bf3 R8d3 32.Bc1 Ra2 33.Be3 b3  1/2-1/2

[Event "Baku Open 2013"]
[Site "Baku AZE"]
[Date "2013.09.23"]
[Round "5.3"]
[White "Efimenko,Z"]
[Black "Solak,D"]
[Result "1/2-1/2"]
[WhiteElo "2661"]
[BlackElo "2615"]

1.Nf3 d5 2.g3 c6 3.Bg2 Bg4 4.c4 e6 5.cxd5 Bxf3 6.Bxf3 cxd5 7.O-O Nc6 8.d4 Nf6
9.Nc3 Be7 10.e3 O-O 11.Bd2 Rc8 12.Rc1 Nd7 13.Qe2 a6 14.Bg2 Nb6 15.Rfd1 Qd7
16.Be1 Na7 17.b3 Nb5 18.Nxb5 Qxb5 19.Qxb5 axb5 20.Bf1 b4 21.f3 Rxc1 22.Rxc1 Rc8
23.Rxc8+ Nxc8 24.e4 Na7 25.exd5 exd5 26.f4 Nc8 27.Bh3 Nb6 28.g4 f6 29.g5 Kf7
30.Kf1 Na8 31.Bc8 b6 32.gxf6 Kxf6 33.f5 Bd6 34.Bh4+ g5 35.fxg6 Kxg6 36.h3 Nc7
37.Bd7 Kf7 38.Bd8 Kg6 39.Kf2 Kg7 40.Kf3 Kg6 41.Kg4 h5+ 42.Kh4 Bf4 43.Be7 Be3
44.Kg3 Bxd4 45.Bxb4 Be5+ 46.Kf3 Kf6 47.Be1 Ke7 48.Bc8 Nb5 49.Bb4+ Kf6 50.Ke3 Bc3
51.Bf8 Kf7 52.Bh6 Nd6 53.Kd3 Nxc8 54.Kxc3 Ke6 55.a4 Kd6 56.Be3 Kc6 57.Kd4 Nd6
58.Ke5 Ne4 59.b4 Nc3 60.b5+ Kb7 61.Bd4 Nxa4 62.h4 Nc5 63.Kxd5 Kc7 64.Ke5 Kd7
65.Kf5 Nb7 66.Be5 Na5 67.Kg6 Nc4 68.Bd4 Nd6 69.Kxh5 Nxb5 70.Bxb6 Nc3 71.Kg6 Nd5
72.Kg7 Ke6 73.h5 Ne7 74.Bd8 Nf5+ 75.Kg6 Ke5 76.Bg5 Ke6 77.Bf6 Nh6 78.Bc3 Nf5
79.Kg5 Nd6 80.Bb4 Nf7+ 81.Kg6 Ne5+ 82.Kg7 Ng4 83.Bc5 Kf5 84.Be7 Ke6 85.Bg5 Kf5
86.Bh4 Ke6 87.Be1 Kf5 88.Bd2 Ke6 89.Bg5 Kf5 90.Bc1 Ke6 91.Kg6 Ne5+ 92.Kg5 Kf7
93.Kf5 Nd7 94.Be3 Nf6 95.h6 Ng8 96.h7 Ne7+ 97.Kg5 Kg7 98.Bd4+  1/2-1/2

[Event "52nd World Juniors 2013"]
[Site "Kocaeli TUR"]
[Date "2013.09.23"]
[Round "10.14"]
[White "Buyukasik,D"]
[Black "Ali Marandi,C"]
[Result "1/2-1/2"]
[WhiteElo "2046"]
[BlackElo "2403"]

1.Nf3 d5 2.g3 Bg4 3.Bg2 Nd7 4.O-O e6 5.c4 c6 6.cxd5 exd5 7.Nc3 Ngf6 8.d3 Bc5
9.Qb3 Bb6 10.Na4 O-O 11.Nxb6 axb6 12.h3 Bh5 13.Bf4 Re8 14.Qc2 Nc5 15.g4 Bg6
16.Bg3 Ne6 17.Rfe1 h5 18.g5 Nd7 19.h4 f6 20.Qd2 fxg5 21.hxg5 Ndf8 22.a3 Bf7
23.Rad1 Ng6 24.e4 dxe4 25.Rxe4 Nef8 26.Ne5 Nxe5 27.Rxe5 Ng6 28.Rxe8+ Qxe8
29.Be4 Qe6 30.Qe3 h4 31.Bxg6 Qxg6 32.Be5 Bd5 33.Kh2 Qh5 34.Rg1 Re8 35.f4 c5
36.Qf2 Bc6 37.g6 Rd8 38.Qf1 Qf5 39.Qh3 Qxh3+ 40.Kxh3 Rxd3+ 41.Kxh4 Rd2 42.Kg5  1/2-1/2

[Event "52nd World Juniors 2013"]
[Site "Kocaeli TUR"]
[Date "2013.09.23"]
[Round "10.16"]
[White "Dastan,B"]
[Black "De Filomeno,S"]
[Result "1/2-1/2"]
[WhiteElo "2455"]
[BlackElo "2392"]

1.Nf3 d5 2.g3 c6 3.Bg2 Bg4 4.O-O Nd7 5.d3 Ngf6 6.c4 dxc4 7.dxc4 e5 8.Nc3 Be7
9.h3 Bf5 10.Nh4 Be6 11.b3 O-O 12.Qc2 a5 13.Nf5 Bb4 14.Bd2 a4 15.Ne3 a3 16.Rfd1 Bc5
17.Na4 Bd4 18.Rac1 g6 19.Bb4 Bxe3 20.fxe3 Re8 21.Bd6 Qa5 22.Qc3 Qa7 23.Kh2 Bf5
24.c5 Qa6 25.Qc4 Qa5 26.e4 Be6 27.Qc3 Qb5 28.Qd3 Qb4 29.Qd2 Qb5 30.Nc3 Qa5
31.Nb1 Qb5 32.Qd3 Qa5 33.Nd2 Nh5 34.Nc4 Bxc4 35.Qxc4 Re6 36.h4 Rae8 37.b4 Qd8
38.Bh3 g5 39.Bxe6 Rxe6 40.g4 Nf4 41.e3 Rh6 42.h5 Nf6 43.exf4 Nxg4+ 44.Kg3 gxf4+
45.Kxg4 Qd7+ 46.Kh4 Qd8+ 47.Be7 Qxe7+ 48.Kg4 Qf6 49.Kf3 Rxh5 50.Rh1 Rxh1
51.Rxh1 Qg5 52.Rh3 Qg1 53.Qe2 Kf8 54.Qf2 Qb1 55.Qd2 Qf1+ 56.Kg4 Qg1+ 57.Kf3 Qf1+
58.Kg4 Qg1+ 59.Kh4 f6 60.Rxa3 Qg5+ 61.Kh3 Qh6+ 62.Kg4 Qg5+  1/2-1/2

[Event "52nd World Juniors 2013"]
[Site "Kocaeli TUR"]
[Date "2013.09.24"]
[Round "11.33"]
[White "Nuri,M"]
[Black "Ratkovic,Milov"]
[Result "0-1"]
[WhiteElo "2206"]
[BlackElo "2302"]

1.Nf3 d5 2.g3 Nc6 3.Bg2 e5 4.O-O Nf6 5.d3 Bd6 6.Nbd2 O-O 7.e4 dxe4 8.Nxe4 Nxe4
9.dxe4 Bg4 10.h3 Bh5 11.c3 Qf6 12.Qe2 Bc5 13.g4 Bg6 14.b4 Bb6 15.Bg5 Qe6
16.Nh4 a5 17.b5 Ne7 18.Nf5 f6 19.Bc1 Bc5 20.h4 Bf7 21.Qf3 Rad8 22.Re1 Kh8
23.Bf1 Nxf5 24.exf5 Qd5 25.Qg3 Qd6 26.Be2 Qb6 27.g5 fxg5 28.Bxg5 Rd7 29.Rad1 Bd5
30.Bg4 e4 31.f6 Rd6 32.c4 gxf6 33.Bh6 Rg8 34.cxd5 Rdd8 35.Re2 Bd6 36.Qg2 f5
37.Bg5 Rdf8 38.Be3 Bc5 39.Bg5 h6 40.Kf1 fxg4 41.Qxe4 hxg5 42.hxg5 Rxg5 43.Kg2 Rh5
44.Qxg4 Rg8 45.Re8  0-1